000 00434nam a2200193Ia 4500
008 210210b1819 xxu||||| |||| 00| 0 eng d
041 _aeng
082 _a822/1054
100 _aRUSKLN (J)
245 _aSeasame and lilies: Brodie Ed
260 _aLondon
_bNot Mentioned
_c1819
650 _aSeasame
650 _alilies:
650 _aEd
650 _aBrodie
650 _aand
690 _aEnglish Prose
906 _a013237
999 _c132095
_d132095